• 首页
  • 本馆介绍
  • 公告通知
  • 最新文献
  • 馆藏检索
  • 电子资源
  • 读者导购
  • 参考咨询
  • 我的图书馆
  • 登录
  • 详细信息显示
  • 放入我的书架
  • 预约/预借图书
  • 作者相关作品
  • 分类相关作品
  • 丛书相关作品
  • 出版社相关作品

书目信息

  • 表格格式
  • 工作单格式
  • 卡片格式
题名:
技术数理统计方法
    
 
作者: 曾秋成 编著
分册:  
出版信息: 合肥   安徽科学技术出版社  1982
页数: 374,66页
开本: 26cm
丛书名:
单 册:
中图分类: O212.1
科图分类:
主题词: 数理统计-应用-工程技术
电子资源:
ISBN:
000 00624nam0 2200229 45
001 0182001070
005 20060728102311.78
010    @dCNY2.90
091    @a15200.16
100    @a19950623d1982 em y0chiy0121 ea
101 0  @achi
102    @aCN@b340000
105    @ay z 000yy
200 10 @a技术数理统计方法@Aji shu shu li tong ji fang fa@f曾秋成编著
210    @a合肥@c安徽科学技术出版社@d1982
215    @a374,66页@d26cm
606    @a数理统计-应用-工程技术
690    @aO212.1@v3
701  0 @a曾秋成@Azeng qiu cheng@4编著
801  0 @aCN@b上海图书馆@c20060728
801  2 @aCN@bNLC@c20060728
905    @dO212.1@e12
    
    技术数理统计方法/曾秋成编著.-合肥:安徽科学技术出版社,1982
    374,66页;26cm
    
    
    ISBN :CNY2.90
    
●
相关链接 在E读中查询图书 在五车中查询图书 在当当中查询图书 在豆瓣中查询图书


正题名:技术数理统计方法     索取号:O212.1/12         预约/预借

序号 登录号 条形码 馆藏地/架位号 状态 备注
1 0165461   001949137   第三借阅区/ [索取号:O212.1/12] 在馆    
2 0165462   202241733   密集书库/ [索取号:O212.1/12] 在馆    
3 0165463   202242288   密集书库/ [索取号:O212.1/12] 在馆    
4 0165464   001442086   第三借阅区/ [索取号:O212.1/12] 在馆    
5 0165465   001442120   第三借阅区/ [索取号:O212.1/12] 在馆    
6 0165466   001442166   第三借阅区/ [索取号:O212.1/12] 在馆    
7 0165467   001442273   第二样本阅览室/ [索取号:O212.1/12] 在馆    
8 0175293   202242242   密集书库/ [索取号:O212.1/12] 在馆    
9 0175294   202241724   密集书库/ [索取号:O212.1/12] 在馆    
10 0442549   204425498   密集书库/ [索取号:O212.1/12] 在馆    
唐山师范学院图书馆 欢迎您!
大连网信软件有限公司© 版权所有